| 000 | 00522nam a22001937a 4500 | ||
|---|---|---|---|
| 999 |
_c7786 _d7786 |
||
| 001 | 8254 | ||
| 003 | BD-DhUAP | ||
| 005 | 20210201140913.0 | ||
| 008 | 200203s1975 ii ||||| ||| 001 0 eng d | ||
| 040 |
_aBD-DhUAP _bEng _cBD-DhUAP _dBD-DhUAP |
||
| 082 |
_223 _a342 MOD |
||
| 100 | _aWheare, K. C. | ||
| 245 |
_aModern constitutions / _cK. C. Wheare. |
||
| 260 |
_aDacca : _bOxford university press, _cc1975. |
||
| 300 |
_a150 pages ; _c24 cm. |
||
| 500 | _aIncludes index. | ||
| 650 | _aConstitutional law. | ||
| 942 |
_2ddc _cBK |
||